Trenerzy premier league 2023/2024 - Statystyki

Ogólne statystyki
  • Ten quiz został rozwiązany 79 razy
  • Średni wynik to 13 z 20
Statystyki odpowiedzi
Klub Trener % Poprawnych
Manchester United Erik ten Hag
100%
Liverpool Jurgen Klopp
100%
Arsenal Mikel Arteta
100%
Manchester City Pep Guardiola
100%
Burnley Vincent Kompany
87%
Aston Villa Unai Emery
85%
Chelsea Mauricio Pochettino
84%
Brighton&hove albion Roberto de Zerbi
82%
West Ham David Moyes
76%
Newcastle United Eddie Howe
75%
Everton Sean Dyche
70%
Brentford Thomas Frank
69%
Fulham Marco Silva
57%
Crystal Palace Roy Hodgson
51%
AFC Bournemouth Andoni Iraola
45%
Tottenham Hotspur Ange Postecoglou
45%
Nottingham Forest Nuno Espirito Santo
42%
Luton Town Rob Edwards
33%
Wolverhampton Wanderes Gary O'Neil
27%
Sheffield United Chris Wilder
15%
Nie znaleziono quizów pasujących do podanych kryteriów
Rozkład punktacji
Procent ludzi z każdym wynikiem
Percentyl według liczby udzielonych odpowiedzi
Twoja historia wyników
Nie rozwiązałeś tego quizu